000
003190000a22001450004500
003
MACL
040
_a
MACL
090
_c
40249
_d
40247
100
_a
Chancellor Press
245
_a
Atlas of World History
260
_b
Chancellor Press
_c
1999
350
_a
1271
650
_a
Geography & Travel
942
_c
RBKS
_k
910/PHI
999
_c
39815
_d
39815